Odgadnij kraj europy po podpowiedzi piłkarskiej - Statystyki

Ogólne statystyki
  • Ten quiz został rozwiązany 141 razy
  • Średni wynik to 6 z 7
Statystyki odpowiedzi
Podpowiedzi Kraj % Poprawnych
Mistrz świata z 2018Roku Francja
99%
Pochodzi stamtąd Haaland Norwegia
95%
Mistrz Europy z 2020Roku Włochy
93%
Od 36 lat nie wyszła z grupy Polska
92%
Mistrz Europy z 2004 roku Grecja
80%
Najlepszy kraj który nigdy nieZdobył mistrzostwa świata Holandia
76%
W 2018 roku na mundialuZakończył grę na 4 miejscu W grupie Niemcy
67%
Nie znaleziono quizów pasujących do podanych kryteriów
Rozkład punktacji
Procent ludzi z każdym wynikiem
Percentyl według liczby udzielonych odpowiedzi
Twoja historia wyników
Nie rozwiązałeś tego quizu